DACH-Länder - 25 größte Städte - Statistiken

Allgemein
  • Dieses Quiz wurde 85 mal gespielt
  • Das Durchschnittsergebnis liegt bei 37 aus 75
Antwortstatistiken
Einwohner Antwort % Korrekt
3.685.265 Berlin
99%
2.028.399 Wien
95%
1.862.565 Hamburg
94%
1.505.005 München
94%
137.963 Bern
92%
1.024.621 Köln
91%
611.850 Leipzig
91%
612.663 Stuttgart
91%
436.370 Zürich
90%
564.904 Dresden
88%
756.021 Frankfurt a. M.
87%
157.659 Salzburg
87%
618.685 Düsseldorf
86%
586.271 Bremen
85%
522.131 Hannover
85%
529.508 Nürnberg
82%
603.462 Dortmund
81%
305.232 Graz
79%
574.682 Essen
78%
132.499 Innsbruck
78%
177.522 Basel
74%
213.557 Linz
74%
358.676 Bochum
73%
208.991 Genf
73%
502.270 Duisburg
71%
301.105 Augsburg
68%
309.050 Karlsruhe
68%
318.035 Mannheim
68%
56.836 Biel
67%
267.930 Gelsenkirchen
67%
288.850 Wiesbaden
67%
323.336 Bonn
63%
331.605 Bielefeld
62%
105.256 Klagenfurt
62%
358.193 Wuppertal
62%
308.258 Münster
60%
37.645 Freiburg im Üechtland
59%
89.217 Luzern
55%
59.767 St. Pölten
51%
29.476 Bregenz
47%
65.749 Villach
45%
144.809 Lausanne
44%
78.839 St. Gallen
42%
65.482 Wels
37%
49.156 Wiener Neustadt
37%
120.344 Winterthur
36%
63.621 Lugano
33%
24.961 Wolfsberg
33%
52.108 Dornbirn
32%
43.630 Thun
28%
36.708 Feldkirch
27%
38.036 Steyr
26%
31.345 Zug
26%
25.931 Baden
24%
32.566 Baden
24%
36.587 Schaffhausen
24%
35.373 Chur
22%
24.008 Amstetten
18%
24.561 Leoben
17%
21.654 Hallein
15%
21.907 Kapfenberg
15%
33.475 Neuenburg
15%
28.152 Klosterneuburg
13%
29.244 Leonding
10%
25.345 Traun
10%
43.785 Bellinzona
9%
24.603 Lustenau
9%
25.473 Krems an der Donau
5%
36.791 Uster
5%
41.772 Köniz
4%
37.942 La Chaux-de-Fonds
4%
32.841 Lancy
3%
34.708 Sitten
3%
34.774 Vernier
3%
36.315 Altstetten
0%
Keine übereinstimmenden Quizze gefunden
Verteilung der Resultate
Anzahl Personen mit jedem Resultat
Perzentil nach korrekt beantworteten Fragen
Ihre Resultats-Entwicklung
Sie haben dieses Quiz noch nicht gespielt